|
|
|
|
| LEADER |
00577cam a2200169 i 4500 |
| 020 |
|
|
|a 9781483351681 (pbk. : alk. paper)
|
| 082 |
0 |
0 |
|a 001.42
|b JOH/C
|
| 100 |
1 |
|
|a Johnson, Laura Ruth,
|
| 245 |
1 |
0 |
|a Community-based qualitative research :
|
| 260 |
|
|
|a Los Angeles
|b Sage
|c 2017
|
| 300 |
|
|
|a xix, 187 pages :
|b illustrations ;
|
| 650 |
|
0 |
|a Communities
|
| 650 |
|
0 |
|a Qualitative research.
|
| 650 |
|
0 |
|a Social sciences
|
| 942 |
|
|
|c BK
|
| 999 |
|
|
|c 55617
|d 55617
|
| 952 |
|
|
|0 0
|1 0
|4 0
|6 001_420000000000000_JOHC
|7 0
|9 62775
|a KUCL
|b KUCL
|d 2018-11-29
|g 55.00
|l 0
|o 001.42 JOH/C
|p 46159
|r 2018-11-29
|w 2018-11-29
|y BK
|